The World's 50 Largest Cities by Letter - N - Statistics

General Stats
  • This quiz has been taken 1,363 times
  • The average score is 23 of 50
Answers on the Map
Answers color-coded by a green-red scale on the quiz's map according to % correct below.
 
Answer Stats
# Population Country Urban Area % Correct
1 20,106,617 United States New York City
99%
6 4,095,364 Italy Naples
98%
4 6,174,231 Kenya Nairobi
96%
27 1,143,557 France Nice - Cannes
93%
28 1,094,426 United States New Orleans
92%
44 526,515 Australia Newcastle
89%
13 1,719,730 United Kingdom Newcastle-upon-Tyne
89%
20 1,307,726 Germany Nuremberg
88%
26 1,193,643 United States Nashville
87%
2 9,853,994 Japan Nagoya
85%
3 8,613,498 China Nanjing
83%
29 946,441 France Nantes
83%
15 1,585,896 Chad N'Djamena
82%
14 1,618,393 United Kingdom Nottingham - Derby
81%
23 1,228,709 Niger Niamey
80%
19 1,324,700 Mauritania Nouakchott
78%
12 1,882,354 Russia Novosibirsk
75%
16 1,430,212 Russia Nizhny Novgorod
73%
50 450,523 Japan Nagasaki
61%
17 1,402,990 Brazil Natal
59%
49 457,960 United Kingdom Norwich
59%
8 3,732,384 China Nanning
58%
9 3,457,986 India Nagpur
54%
48 489,413 Myanmar Naypyidaw
54%
7 4,073,556 China Ningbo
46%
24 1,222,830 Japan Naha
40%
5 4,204,188 China Nanchang
33%
10 2,936,520 China Nantong
27%
47 504,672 Japan Nagano
25%
30 888,795 Japan Niigata
25%
11 2,056,546 India Nashik
23%
33 814,525 Sudan Nyala
18%
32 820,787 Mozambique Nampula
17%
18 1,335,857 Iraq Najaf
16%
25 1,215,699 China Nanchong
15%
22 1,262,161 China Nanyang
15%
21 1,295,281 Uzbekistan Namangan
14%
46 508,666 Israel Netanya
14%
39 590,640 Russia Naberezhnye Chelny
13%
41 537,480 Russia Novokuznetsk
13%
38 598,574 Kenya Nakuru
12%
37 624,579 Zambia Ndola
11%
43 526,924 Vietnam Nha Trang
10%
34 787,703 Iraq Nasiriyah
9%
36 767,057 India Nellore
9%
35 786,670 India Nanded-Waghala
7%
31 881,675 India Nagercoil
6%
45 516,352 China Neijiang
4%
40 537,532 Bangladesh Naogaon
2%
42 528,708 India Neyveli
1%
No matching quizzes found
Score Distribution
Percent of People with Each Score
Percentile by Number Answered
Your Score History
You have not taken this quiz